Za minutę pierwsza miłość /
Збережено в:
| Автор: | |
|---|---|
| Співавтор: | |
| Інші автори: | |
| Формат: | Книга |
| Мова: | Польська |
| Опубліковано: |
Warszawa :
"Nasza Księgarnia",
1972
|
| Редагування: | [Wyd. 1]. |
| Серія: | Kolekcja Jubileuszowa
|
| Предмети: | |
| Теги: |
Немає тегів, Будьте першим, хто поставить тег для цього запису!
|
MARC
| LEADER | 00000nam a2200000 i 4500 | ||
|---|---|---|---|
| 001 | 991002557009705066 | ||
| 005 | 20260515140226.0 | ||
| 008 | 971010s1989 pl a |000 f pol | ||
| 020 | |a 8310083491 | ||
| 020 | |a 8310090048 | ||
| 035 | |a 991002557009705066 | ||
| 035 | |a (PL-WaBN)b10701199-48omnis_nlop | ||
| 035 | |a b10701199 | ||
| 035 | |a (OCoLC)749167862 | ||
| 035 | |a zz2004788517 | ||
| 035 | |a (PL)b0000001070119 | ||
| 035 | |a (EXLNZ-48OMNIS_NETWORK)9910314061205606 | ||
| 040 | |a WA N |c WA N |d WA N | ||
| 041 | 0 | |a pol | |
| 080 | |a 884-93 | ||
| 090 | |c 56 |d 55 | ||
| 100 | 1 | |a Ożogowska, Hanna |d (1904-1995) | |
| 245 | 1 | 0 | |a Za minutę pierwsza miłość / |c Hanna Ożogowska ; il. Gwidon Miklaszewski. |
| 250 | |a [Wyd. 1]. | ||
| 260 | |a Warszawa : |b "Nasza Księgarnia", |c 1972 |e (Krak. : |f DWWLA). | ||
| 300 | |a 221, [3] s. : |b rys. ; |c 21 cm. | ||
| 490 | 1 | |a Kolekcja Jubileuszowa | |
| 650 | 7 | |a Powieść młodzieżowa polska |y 20 w. | |
| 700 | 1 | |a Miklaszewski, Gwidon |d (1912-1999) |e Il. | |
| 710 | 2 | |a Wydawnictwo "Nasza Księgarnia" | |
| 830 | 0 | |a Kolekcja Jubileuszowa | |
| 920 | |a 83-10-08349-1 (brosz.) | ||
| 920 | |a 83-10-09004-8 (opr.) | ||
| 942 | |c K | ||
| 952 | |0 0 |1 0 |4 0 |6 R__34_000000000000000 |7 0 |9 54 |a RYT |b RYT |d 2026-03-17 |e 1/2026 |g 10.00 |l 0 |o R.34 |p 2000000000343 |r 2026-05-15 14:02:26 |w 2026-05-15 |y BK |z da | ||
| 999 | |c 54 |d 54 | ||